<The> Labour market and policy reform in Ukraine <an> overview

Salvato in:
Dettagli Bibliografici
Natura: Libro
Lingua:inglese
Pubblicazione: Paris OECD 1995
Serie:OECD/GD 95/54
Soggetti:
Tags: Aggiungi Tag
Nessun Tag, puoi essere il primo ad aggiungerne!!

MARC

LEADER 00000nam a2200000 4500
001 c120082
005 20221123112526.5
041 0 |a eng 
044 |a FR 
245 1 0 |a <The> Labour market and policy reform in Ukraine  |b <an> overview 
264 1 |a Paris  |b OECD  |c 1995 
300 |a 37 s. 
490 1 |a OECD/GD  |v 95/54 
830 0 |a OECD/GD  |v 95/54 
610 2 0 |a trh práce 
610 2 0 |a právo pracovné 
610 2 0 |a zamestnanosť 
610 2 0 |a nezamestnanosť 
610 2 0 |a politika zamestnanosti 
610 2 0 |a rekvalifikácia 
610 2 0 |a kvalifikácia 
610 2 0 |a Ukrajina 
610 2 0 |a OECD